000 00838nam a2200265Ia 4500
003 OSt
005 20220923214156.0
006 a|||||r|||| 00| 0
007 ta
008 220922b |||||||| |||| 00| 0 hin d
024 _a167,672
037 _cTextual
040 _aARTS
_cARTS
_bhin
041 _2hin
_ahin
082 _aO152,1K73:g, K0
100 _aनगेन्द्र
_9156277
245 0 _aदेव और उनकी कविता
246 _aDev aur unakī kavitā
250 _aसंस्क0 4
260 _aदिल्ली
_b नेशनल पब्लिशिंग हाऊस
_c1949
300 _a311पृ.
_ccm.
650 _aहिन्दी साहित्य
_9156264
942 _hO152,1K73:g, K0
_cTEXL
_2CC
999 _c322142
_d322142